000 00477nam a2200181Ia 4500
005 20250326130005.0
008 250326s9999 xx 000 0 und d
037 _aTextbook
040 _aFMSL
_beng
_cFMSL
041 _aeng
_2eng
084 _aX:8 N7
_qFMSL
100 _aHerbert G H
_9739981
245 0 _aManagement of organisation
_cHerbert G H
260 _aNY
_bNY, McGraw-Hill
_c1967
300 _a452p
942 _cTB
_hX:8 N7
999 _c1280469
_d1280469